Capitals of Latin America Quiz Stats

 Plays Quiz not verified by Sporcle

Support Sporcle.
Go Orange.
Score 0/25 Timer 10:00
0 Plays Today
Hint Answer % Correct
MexicoMexico City
95.2%
BrazilBrasilia
94.4%
PeruLima
94%
ColombiaBogota
92.4%
ArgentinaBuenos Aires
92.4%
CubaHavana
92.4%
PanamaPanama City
91.6%
El SalvadorSan Salvador
90.4%
EcuadorQuito
89.2%
ChileSantiago
88.4%
Costa RicaSan Jose
86.7%
UruguayMontevideo
86.7%
VenezuelaCaracas
86.3%
Hint Answer % Correct
GuatemalaGuatemala City
85.9%
JamaicaKingston
84.3%
ParaguayAsuncion
82.7%
HaitiPort au Prince
82.7%
BoliviaLa Paz
81.5%
Dominican RepublicSanto Domingo
80.7%
NicaraguaManagua
80.3%
HondurasTegucigalpa
77.5%
GuyanaGeorgetown
72.3%
BelizeBelmopan
64.3%
French GuianaCayenne
62.2%
SurinameParamaribo
53.8%

You're not logged in!

Compare scores with friends on all Sporcle quizzes.
OR
Log In

From the Vault

Who Stole That Book Off the Shelf?

by needapausebutton

It's time to put your observational skills to the test.
Remove Ads.
Support Sporcle.
Get the best of Sporcle when you Go Orange. This ad-free experience offers more features, more stats, and more fun while also helping to support Sporcle. Thank you for becoming a member.

Show Comments

Extras

Top Quizzes Today


Score Distribution

Your Account Isn't Verified!

In order to create a playlist on Sporcle, you need to verify the email address you used during registration. Go to your Sporcle Settings to finish the process.

Report this User

Report this user for behavior that violates our Community Guidelines.

Details: